000 01770cam a22004214a 4500
001 data
005 20260322212102.0
008 data
035 _a13292114
906 _a7
_bcbc
_corignew
_d1
_eocip
_f20
_gy-gencatlg
925 0 _aacquire
_b1 shelf copy
_xsel off
955 _djc18 2003-07-30
_ejc17 2005-01-26 to BCCD per sel off
_fjc09 2004-01-15
_gjc13 2004-01-15 to sel off
_ejc17 2005-01-26 to BCCD per sel off
010 _a 2003055706
020 _a0766838366
020 _a9780766838369
035 _a(DNLM)101186315
040 _aDNLM/DLC
_cDLC
_dDLC
042 _apcc
050 0 0 _aRT41
_b.N873 2004
060 1 0 _aWY 100
_bN97324 2004
082 0 0 _a610.73
_222
245 0 0 _aNursing fundamentals :
_bcaring & clinical decision making /
_c[edited by] Rick Daniels.
260 _aClifton Park, NY :
_aClifton Park, NY :
_bDelmar Learning,
_cc2004.
300 _axli, 1589 p. :
_bill. (some col.) ;
_c28 cm.
336 _atext
_btxt
_2rdacontent
337 _aunmediated
_bn
_2rdamedia
338 _avolume
_bnc
_2rdacarrier
504 _aIncludes bibliographical references and index.
650 0 _aNursing.
650 0 _aNursing assessment.
650 1 2 _aNursing Care.
650 2 2 _aNursing.
700 1 _aDaniels, Rick,
_cRN.
856 4 2 _3Contributor biographical information
_uhttp://www.loc.gov/catdir/enhancements/fy1514/2003055706-b.html
856 4 2 _3Publisher description
_uhttp://www.loc.gov/catdir/enhancements/fy1514/2003055706-d.html
856 4 1 _3Table of contents only
_uhttp://www.loc.gov/catdir/enhancements/fy1514/2003055706-t.html
999 _c1470
_d1470